Край морето (Запис номер 491776)
[ съкратено ]
| 000 -Лидер | |
|---|---|
| Лидер | 00977nam a2200253 a 4500 |
| 003 - Код на организацията, давaща контролен номер | |
| Код на организацията, даваща контролен номер | BLK |
| 005 - Дата и час на последна редакция | |
| Дата и час на последна редакция | 20250716163331.0 |
| 008 - Елементи от данни с фиксирана дължина | |
| Елементи с фиксирана дължина | 220216b bu |||||r|||| 00| | bu d |
| 020 ## - Международен стандартен номер на книга ISBN | |
| ISBN | 9786197670264 |
| 040 ## - Източник на каталожния запис | |
| Код на библиотеката | BLK |
| 041 ## - Код за език | |
| Език | Български |
| Език за КДБФ | Български |
| 080 ## - УДК | |
| УДК текст | Английска литература |
| УДК код | 821.111 |
| УДК – определител | -312.2 |
| УДК – код + определител | 821.111-312.2 |
| 100 ## - Редна дума - Автор | |
| R(LIN) | 487942 |
| Автор | Гурна, Абдулразак |
| 245 ## - Сведения за заглавието | |
| Заглавие | Край морето |
| Авторска отговорност | Абдулразак Гурна ; прев. Владимир Полеганов. |
| 260 ## - Област на издателските данни | |
| 9 (RLIN) | 210561 |
| Място на издаване | София |
| Име на издателя | Лабиринт |
| Година на издаване | 2023 |
| Издателство - префикс ISBN | 978-619-7055- ; 5-87604- |
| 300 ## - Физическа характеристика | |
| Брой страници | 288 с. |
| Размер | 21 см |
| 380 ## - Жанр | |
| Жанр | Худож. лит. |
| 500 ## - Общи забележки | |
| Обща забележка | Ориг. загл.: By The Sea / Abdulrazak Gurnah |
| 700 ## - Други автори (авторска отговорност) | |
| 9 (RLIN) | 336895 |
| Друг автор | Полеганов, Владимир Христов |
| Авт. отговорност на др. автор | прев. |
| 852 ## - Местоположение | |
| Сигнатура (форматна) | Цб 320129 |
| Отдел | Хранилище |
| 942 ## - АРТИКУЛИ | |
| Вид на библиотечния документ | Книги |
| Скрит в OPAC | Не |
| Периодичен библиозапис | Да |
| Koha issues (borrowed), all copies | 14 |
| 944 ## - СЪЗДАВАНЕ И РЕДАКЦИЯ на ЗАПИСА | |
| Служител, извършил регистрацията/редакцията | 30567 |
| Дата на регистрацията/редакция | 2023 |
| Номер на служител | Правда Бадева |
| 999 ## - СИСТЕМНИ КОНТРОЛНИ НОМЕРА | |
| Koha biblionumber | 491776 |
| Koha biblioitemnumber | 491776 |
| Код за отписване | Код за изгубен артикул | Източник на класификационната схема | Код за повреда | Код за отдаване | Артикулен № | Име на библиотеката - собственик | Име на библиотеката, в която се намира в момента | Статус (Текущо местоположение) | Дата на вписване в системата | Местоположение - отдел | Цена в лева | Инвентарен номер | Систематично азбучна сигнатура | Баркод | Цена в евро | Служебен тип на артикула |
|---|---|---|---|---|---|---|---|---|---|---|---|---|---|---|---|---|
| Не е изгубен | Universal Decimal Classification | Не е повреден | заемане за дома | 929100 | Регионална библиотека "Любен Каравелов" Русе | Регионална библиотека "Любен Каравелов" Русе | Заемна - подръчен фонд | 2023-06-07 | Заемна - подръчен фонд | 13.93 | 120000888298 | 821-31/Г 93 А | 120000888298 | 7.12 | Книги | |
| Не е изгубен | Universal Decimal Classification | Не е повреден | ползва се в читалня | 935824 | Регионална библиотека "Любен Каравелов" Русе | Регионална библиотека "Любен Каравелов" Русе | Хранилище | 2023-11-06 | Хранилище | 19.90 | 120000894948 | Цб 320129 | 120000894948 | 10.17 | Книги |